MARC

LEADER 00000nam0a2200000 4500
001 349223
005 20231102010201.0
035 |a (RuTPU)RU\TPU\retro\1288 
090 |a 349223 
100 |a 20180419d1961 m y0rusy50 ca 
101 0 |a rus 
102 |a RU 
105 |a a j 001zb 
200 1 |a Теория химического строения веществ А. М. Бутлерова (к столетию существования)  |e пособие для учителей  |f Н. П. Агафошин 
210 |a Москва  |c Учпедгиз  |d 1961 
215 |a 120 с.  |c ил. 
320 |a Библиография в конце книги 
600 1 |a Бутлеров  |b А. М.  |g Александр Михайлович  |c химик-органик  |f 1828-1886  |c академик Петербургской АН  |2 stltpush  |3 (RuTPU)RU\TPU\pers\4379 
606 1 |a Органические соединения  |x Строение  |2 stltpush  |3 (RuTPU)RU\TPU\subj\75607  |9 87307 
610 1 |a химические знания 
610 1 |a добутлеровский период 
610 1 |a атомы 
610 1 |a электроны 
610 1 |a строение 
610 1 |a валентность 
610 1 |a кратные связи 
610 1 |a гибридизация 
610 1 |a молекулы 
610 1 |a методы исследования 
610 1 |a взаимное влияние 
610 1 |a пособия 
675 |a 547:544.1(072)  |v 4 
700 1 |a Агафошин  |b Н. П.  |g Николай Петрович 
801 1 |a RU  |b 63413507  |c 20180419 
801 2 |a RU  |b 63413507  |c 20180424  |g RCR 
942 |c BK